Taille de soutien-gorge et départements français (click quiz) - Statistiques

Statistiques générales
  • Ce quiz a été pris 31 fois
    25 depuis la dernière actualisation
  • Le résultat moyen est 9 sur 13
Statistiques - réponses
Hint Réponse % Correct
75 Paris
83%
95 Val-d'Oise
75%
110 Aisne
71%
120 Allier
71%
90 Territoire de Belfort
71%
85 Vendée
71%
100 Ain
67%
130 Alpes-de-Haute-Provence
67%
115 Ardèche
67%
80 Somme
67%
105 Alpes-Maritimes
63%
125 Ardennes
63%
135 Ariège
50%
Aucun quiz correspondant
Distribution des résultats
% des personnes avec chaque résultat
Percentile par nombre de réponses
Votre historique - résultats
Vous n’avez pas pris ce quiz depuis la dernière actualisation